Návrh na rozšírenie komunikačných aktivít spoločnosti Techklima, s.r.o. diplomová práca

Salvato in:
Dettagli Bibliografici
Autore principale: Pagáčová, Monika
Ente Autore: Obchodná fakulta EU. Katedra marketingu
Altri autori: Čimo, Jozef
Natura: Libro
Lingua:slovacco
Pubblicazione: Bratislava 2008
Tags: Aggiungi Tag
Nessun Tag, puoi essere il primo ad aggiungerne!!

MARC

LEADER 00000nam$a2200000$$$4500
001 0081739
005 20240201115752.0
041 0 |a slo 
044 |a SK 
245 1 0 |a Návrh na rozšírenie komunikačných aktivít spoločnosti Techklima, s.r.o.  |b diplomová práca  |c Monika Pagáčová ; škol. Jozef Čimo 
264 1 |a Bratislava  |c 2008 
300 |a 99 s. 
100 1 |a Pagáčová, Monika 
700 1 |a Čimo, Jozef 
710 2 |a Obchodná fakulta EU. Katedra marketingu